: ٣٣برس (Record no. 109451)

MARC details
000 -LEADER
fixed length control field 00811nam a22002537a 4500
005 - DATE AND TIME OF LATEST TRANSACTION
control field 20170123162354.0
010 ## - LIBRARY OF CONGRESS CONTROL NUMBER
LC control number 149111
020 ## - INTERNATIONAL STANDARD BOOK NUMBER
Terms of availability 10.00
035 ## - SYSTEM CONTROL NUMBER
System control number 149111
037 ## - SOURCE OF ACQUISITION
Source of stock number/acquisition Cen Lib/Ret
040 ## - CATALOGING SOURCE
Original cataloging agency DPL
Language of cataloging UR
082 ## - DEWEY DECIMAL CLASSIFICATION NUMBER
Classification number 921
Item number د ت ب
100 ## - MAIN ENTRY--PERSONAL NAME
Personal name د ت بھارتی
9 (RLIN) 137870
245 ## - TITLE STATEMENT
Title : ٣٣برس
Statement of responsibility, etc د ت بھارتی
Remainder of title / ایک افسانہ نگار کاافسانہ
246 ## - VARYING FORM OF TITLE
Title proper/short title 33 Bras: aek afsana nigar ka afsana /
Remainder of title by Datt Bharti
260 ## - PUBLICATION, DISTRIBUTION, ETC. (IMPRINT)
Place of publication, distribution, etc دہلی
Name of publisher, distributor, etc پنجابی پستک بھںٹارا
Date of publication, distribution, etc 00??
270 ## - ADDRESS
City دہلی
300 ## - PHYSICAL DESCRIPTION
Extent 272p.
Dimensions 21cm(Hb)
650 ## - SUBJECT ADDED ENTRY--TOPICAL TERM
Topical term or geographic name as entry element اردو ادب
9 (RLIN) 137871
650 ## - SUBJECT ADDED ENTRY--TOPICAL TERM
Topical term or geographic name as entry element اردو افسانہ
General subdivision
9 (RLIN) 889
650 ## - SUBJECT ADDED ENTRY--TOPICAL TERM
Form subdivision
Topical term or geographic name as entry element Urdu literature
9 (RLIN) 137872
650 ## - SUBJECT ADDED ENTRY--TOPICAL TERM
Topical term or geographic name as entry element Urdu fiction
Form subdivision
9 (RLIN) 891
942 ## - ADDED ENTRY ELEMENTS (KOHA)
Source of classification or shelving scheme Dewey Decimal Classification
Koha item type Urdu Bks
Classification part 921
Call number suffix د ت ب
Holdings
Withdrawn status Lost status Damaged status Not for loan Home library Current library Date acquired Source of acquisition Cost, normal purchase price Total Checkouts Full call number Barcode Date last seen Copy number Cost, replacement price Price effective from Koha item type
        Central Library Central Library 11/03/2016 Cen Lib/Ref 10.00   921 د ت ب 149111 11/03/2016 1 10.00 11/03/2016 Urdu Bks

© Delhi Public Library
Hit Counter
free hit counter